Globalization, income inequality and human development / (Record no. 29852)
[ view plain ]
| 000 -LEADER | |
|---|---|
| fixed length control field | 01049nam a2200313 a 4500 |
| 005 - DATE AND TIME OF LATEST TRANSACTION | |
| control field | 20161125112214.0 |
| 008 - FIXED-LENGTH DATA ELEMENTS--GENERAL INFORMATION | |
| fixed length control field | 060731s1999 nyua b 000 0 eng d |
| 010 ## - LCCN (DPL NO) | |
| LC control number | ENG-95000 |
| 020 ## - INTERNATIONAL STANDARD BOOK NUMBER | |
| International Standard Book Number | 8190328239 |
| Terms of availability | 500.00 |
| 035 ## - SYSTEM CONTROL NUMBER | |
| System control number | EN-75833 |
| 037 ## - SOURCE OF ACQUISITION | |
| Source of stock number/acquisition | DBAD / PUB |
| 040 ## - CATALOGING SOURCE | |
| Original cataloging agency | dpl |
| Language of cataloging | English |
| 082 ## - DEWEY DECIMAL CLASSIFICATION NUMBER | |
| Classification number | 337 |
| 100 ## - MAIN ENTRY--PERSONAL NAME | |
| Personal name | Rizvi, Halima Sadia |
| 245 ## - TITLE STATEMENT | |
| Title | Globalization, income inequality and human development / |
| Statement of responsibility, etc | by Halima Sadia Rizvi [and] Pooja Khurana |
| 260 ## - PUBLICATION, DISTRIBUTION, ETC. (IMPRINT) | |
| Place of publication, distribution, etc | Delhi |
| Name of publisher, distributor, etc | Global Books Organisation |
| Date of publication, distribution, etc | 2007 |
| 270 ## - ADDRESS | |
| Address | 1/7076, Mahajan Cottage, Ist Floor, Govind Marg, Shivaji Park, Shahdara, |
| City | Delhi |
| Postal code | 110031 |
| 300 ## - PHYSICAL DESCRIPTION | |
| Extent | v, 165p. |
| Dimensions | 23cm(Hb) |
| 500 ## - GENERAL NOTE | |
| General note | Includes index |
| 650 ## - SUBJECT ADDED ENTRY--TOPICAL TERM | |
| Topical term or geographic name as entry element | Globalization |
| General subdivision | Economic aspects |
| 650 ## - SUBJECT ADDED ENTRY--TOPICAL TERM | |
| Topical term or geographic name as entry element | International economic relations. |
| 650 ## - SUBJECT ADDED ENTRY--TOPICAL TERM | |
| Topical term or geographic name as entry element | International trade. |
| 650 ## - SUBJECT ADDED ENTRY--TOPICAL TERM | |
| Topical term or geographic name as entry element | International cooperation. |
| 650 ## - SUBJECT ADDED ENTRY--TOPICAL TERM | |
| Topical term or geographic name as entry element | Economic development. |
| 650 ## - SUBJECT ADDED ENTRY--TOPICAL TERM | |
| Topical term or geographic name as entry element | Poverty |
| 650 ## - SUBJECT ADDED ENTRY--TOPICAL TERM | |
| Topical term or geographic name as entry element | Income distribution |
| 700 ## - ADDED ENTRY--PERSONAL NAME | |
| Personal name | Khurana, Pooja |
| 942 ## - ADDED ENTRY ELEMENTS (KOHA) | |
| Source of classification or shelving scheme | Dewey Decimal Classification |
| Item type | English Books |
| Classification part | 337 |
| Call number suffix | RIZ |
| Withdrawn status | Lost status | Source of classification or shelving scheme | Damaged status | Not for loan | Collection code | Home library | Current library | Date acquired | Source of acquisition | Cost, normal purchase price | Total Checkouts | Full call number | Barcode | Date last seen | Copy number | Cost, replacement price | Koha item type |
|---|---|---|---|---|---|---|---|---|---|---|---|---|---|---|---|---|---|
| Dewey Decimal Classification | Not For Loan | Non-fiction | D.B.Act.Division | D.B.Act.Division | 31/08/2009 | DBAD / PUB | 500.00 | 337 RIZ | EN-78533 | 31/08/2009 | 1 | 500.00 | English Books |
